003220000a2200085000450024501180000004100130011850000450013110000260017677300340020210aCladistic inference and evolutionary scenariosslocomotory structure, function, and performance in water striders0 aInglés a1 aAndersen, Nils Moller1 tCladisticsh11q279-295d1995